| 000 | 00546pab a2200193 454500 | ||
|---|---|---|---|
| 008 | 180718b2014 xxu||||| |||| 00| 0 eng d | ||
| 100 | _aJain, Sheelam | ||
| 245 | _aOrganizational citizenship behavior and HRM practices in Indian Banks | ||
| 260 | _c2014 | ||
| 300 | _ap.257-269. | ||
| 362 | _aOct | ||
| 650 | _aHuman resources development - India | ||
| 650 | _aBanks - India | ||
| 650 | _aHuman resources development | ||
| 700 | _aJain, Ravindra | ||
| 773 | _aIndian Journal of Industrial Relations | ||
| 908 | _aN | ||
| 909 | _a106793 | ||
| 999 |
_c106788 _d106788 |
||